00523nam a22001575i 4500001000700000003000900007005001700016008004100033040002000074100002900094245004100123250001900164260008900183300002800272852006500300155694ES-MaACL20250716062626.0040727s1881 fr |||| | fre d aCAM bspa cCAM1 aHugo, Victor,d1802-188510aHernani b: [drame] / cVictor Hugo. aNouvelle éd. aParis : bCalmann Lévy éditeur, c1881 (fImpr. J. Claye : A. Quantin et c\pe\s) aVIII, 160 p. ; c18 cm. aES-MaACLjF-9050 z-- Enc. hol. conservando la cub. original